Vista normal
Vista MARC
Entrada Término temático
Número de registros utilizados en: 1
001 - NÚMERO DE CONTROL
- campo de control: 81321
003 - IDENTIFICADOR DEL NÚMERO DE CONTROL
- campo de control: DO-SdBNP
005 - FECHA Y HORA DE LA ÚLTIMA TRANSACCIÓN
- campo de control: 20220311085556.0
008 - DATOS DE LONGITUD FIJA
- campo de control de longitud fija: 220311|| aca||aabn | a|a d
040 ## - FUENTE DE LA CATALOGACIÓN
- Centro catalogador/agencia de origen: DO-SdBNP
- Centro/agencia transcriptor: DO-SdBNP
150 ## - ENCABEZAMIENTO--TÉRMINO DE MATERIA
- Término de materia o nombre geográfico como elemento de entrada: Archivos -- República Dominicana -- Congresos, conferencias,
- Subdivisión general: Congreso, conferencias, etc.
- Subdivisión cronológica: 2018.
- Subdivisión geográfica: República Dominicana
670 ## - FUENTE DE DATOS ENCONTRADOS
- Cita de la fuente: Work cat.: (DO-SdBNP)50169: Encuentro Nacional de Archivos de la República Dominicana (6o. : 2018 : Santo Domingo ) 79367, Memorias del 6to. Encuentro Nacional de Archivos :, 2020.
